| 000 | 01284nam0a22003011 4500 | ||
|---|---|---|---|
| 001 | v19\rc\1806782 | ||
| 005 | 20260412063252.0 | ||
| 035 | _a(NLR Aleph) 005254753 | ||
| 090 |
_a5840165 _c5840165 |
||
| 100 | _a20071224d1906 |||y0rusy50 ca | ||
| 101 | 1 |
_arus _cfre |
|
| 102 | _aRU | ||
| 105 | _ay z |||a| | ||
| 200 | 1 |
_aМамзель Фифи _eПьеса в 1-м д. _fПеред. Оскара Метенье из рассказа Гви де-Мопассана _gПер. с фр. П.Я. |
|
| 210 |
_aМосква _cлит. Театр. б-ки С.Ф. Рассохина _dценз. 1906 |
||
| 215 |
_a23 с. _d21 |
||
| 309 | _aНапеч. на пиш. маш. Литогр. | ||
| 500 | 1 | 0 |
_6z01702 _aМадемуазель Фифи |
| 700 | 1 |
_7ca _8rus _aМетенье _bО. _f1853-1913 _gОскар _9239758 _3RU\NLR\AUTH\770239814 |
|
| 702 | 1 |
_4570 _8rus _7ca _aМопассан _bГ. де _f1850-1893 _gГи де _3RU\NLR\AUTH\7713484 _9123173 |
|
| 702 | 0 |
_4730 _8rus _7ca _aП. Я. _cпсевдоним _cпереводчик _f19 в. _3RU\NLR\AUTH\7779976 _962904 |
|
| 801 | 2 |
_aRU _bNLR _c20090907 _2rusmarc |
|
| 801 | 0 |
_aRU _bNLR _c20071224 _gpsbo |
|
| 801 | 0 |
_aRU _bRuMoRGB _c20071224 _2psbo |
|
| 801 | 1 |
_aRU _bProSoft-M _c20071224 _2rusmarc |
|
| 852 |
_aNLR _j34.84.5.759 |
||
| 942 | _cBOOK | ||
| 980 | _aNB | ||